|
|
|
|
| LEADER |
00000naa2a2200000 4500 |
| 001 |
491454 |
| 005 |
20240131112434.0 |
| 035 |
|
|
|a (RuTPU)RU\TPU\prd\160440
|
| 090 |
|
|
|a 491454
|
| 100 |
|
|
|a 20121127a2008 k y0rusy50 ca
|
| 101 |
0 |
|
|a rus
|
| 102 |
|
|
|a RU
|
| 200 |
1 |
|
|a Диагностика качества адгезионного контакта в армированных композиционных материалах с использованием явления механоэлектрических преобразований
|
| 320 |
|
|
|a Библиогр.: 5 назв.
|
| 330 |
|
|
|a Предложен и физически обоснован электромагнитный метод определения динамики изменения качества контакта и адгезионной прочности матрицы и металла в армированных композиционных материалах
|
| 461 |
|
1 |
|0 (RuTPU)RU\TPU\prd\151
|t Дефектоскопия
|d 1965-
|
| 463 |
|
1 |
|0 (RuTPU)RU\TPU\prd\88728
|t № 3
|v С. 86-93
|d 2008
|
| 610 |
1 |
|
|a труды учёных ТПУ
|
| 700 |
|
1 |
|a Фурса
|b Т. В.
|c специалист в области неразрушающего контроля
|c ведущий научный сотрудник Томского политехнического университета, доктор технических наук
|f 1951-
|g Татьяна Викторовна
|3 (RuTPU)RU\TPU\pers\27723
|
| 701 |
|
1 |
|a Суржиков
|b А. П.
|c физик
|c профессор Томского политехнического университета, доктор физико-математических наук
|f 1951-
|g Анатолий Петрович
|3 (RuTPU)RU\TPU\pers\22010
|9 9307
|
| 701 |
|
1 |
|a Осипов
|b К. Ю.
|c российский учёный в области электроники, диэлектриков и полупроводников
|c научный сотрудник Томского политехнического университета
|g Константин Юрьевич
|3 (RuTPU)RU\TPU\pers\28192
|
| 801 |
|
1 |
|a RU
|b 63413507
|c 20121127
|
| 801 |
|
2 |
|a RU
|b 63413507
|c 20131016
|g RCR
|
| 942 |
|
|
|c BK
|